| 000 | 00682nam a2200217 4500 | ||
|---|---|---|---|
| 001 | 8455 | ||
| 003 | OCoLC | ||
| 005 | 20181127190007.0 | ||
| 008 | 160622s2016 gw 000 0 eng d | ||
| 020 | _a3527508228 | ||
| 020 | _a9783527508228 | ||
| 092 |
_a650 _b |
||
| 100 | 1 |
_aTaschner, Andreas. _e _0 _4 |
|
| 245 | 0 | 0 |
_aManagement and cost accounting : _btools and concepts in an central European context / _cAndreas Taschner and Michel Charifzadeh |
| 264 | 1 |
_aWeinheim _bWiley-VCH _c[2016] |
|
| 300 |
_axiv, 304 Seiten : _bDiagramme ; _c24 cm x 17 cm |
||
| 336 |
_btxt _2rdacontent |
||
| 337 |
_bn _2rdamedia |
||
| 338 |
_bnc _2rdacarrier |
||
| 710 | 2 |
_aWiley-VCH. _0(DE-588)16179388-5 _4pbl |
|
| 999 |
_c7312 _d7312 |
||